000 00679nam a2200241 i 4500
001 81996
003 ES-MaACL
005 20230906174545.0
007 t|
008 041118s2004 sp ||||0| spa d
020 _a84-95489-93-7
040 _aM-BN
_bspa
_cM-BN
080 _a821.134.2-23"19"
100 1 _aLenza González, Enrique.
_971558
245 1 3 _aEl monumento ; Un grito en el desierto /
_cEnrique Lenza.
260 _aMadrid :
_bLa Avispa,
_c[2004]
300 _a74 p. ;
_c22 cm.
490 1 _aLa avispa ;
_v136
740 1 _aUn grito en el desierto.
830 0 _aLa avispa ;
_v136
_9179650
852 _aES-MaACL
_jL-28483
_bR.134332
999 _c81996
_d81996